Taylor Swift - Paroles Teardrops on my Guitar - Statistiques

Statistiques générales
  • Ce quiz a été pris 41 fois
  • Le résultat moyen est 232 sur 288
Statistiques - réponses
Hint Réponse % Correct
for
100%
guitar
100%
he
100%
Pré-refrain He
100%
he's
100%
Outro | Refrain He's
100%
my
100%
on
100%
only
100%
reason
100%
teardrops
100%
the
100%
The
100%
a
94%
be
94%
I
94%
me,
94%
me
94%
That
94%
that
94%
about
89%
and
89%
And
89%
at
89%
it
89%
Look
89%
looks
89%
see
89%
should
89%
talks
89%
to
89%
won't
89%
beautiful,
83%
beautiful
83%
'cause
83%
Refrain 'Cause
83%
do
83%
don't
83%
girl
83%
got
83%
have
83%
in
83%
it's
83%
keep
83%
keeps
83%
know
83%
love,
83%
love
83%
smile
83%
so
83%
Pré-refrain So
83%
song
83%
star
83%
thing
83%
when
83%
why
83%
wish
83%
wishing
83%
car
78%
could
78%
Couplet 1 | Couplet 2 | Couplet 3 Drew
78%
says
78%
she's
78%
singing,
78%
we
78%
with
78%
all
72%
can
72%
everything
72%
fake
72%
funny
72%
night
72%
of
72%
think
72%
bet
67%
by
67%
can't
67%
her
67%
him
67%
Pré-refrain I'll
67%
just
67%
live
67%
right
67%
there
67%
walks
67%
want
67%
alone,
61%
breathe?
61%
But
61%
but
61%
eyes
61%
get
61%
goes,
61%
if
61%
knows
61%
laugh
61%
perfectly
61%
tell
61%
without
61%
break
56%
drive
56%
even
56%
finally
56%
heart
56%
home
56%
kind
56%
need
56%
never
56%
one
56%
out
56%
sleep
56%
up,
56%
wonder
56%
anyone
50%
as
50%
down
50%
enough
50%
flawless
50%
his
50%
hold
50%
I'm
50%
lucky
50%
some
50%
tight,
50%
who's
50%
those
44%
tonight
44%
give
39%
into
39%
maybe
39%
better
33%
fall
33%
light
33%
picture
33%
put
33%
turn
33%
Pré-refrain She'd
28%
there's
28%
time
28%
needing
22%
taken
22%
Aucun quiz correspondant
Distribution des résultats
% des personnes avec chaque résultat
Percentile par nombre de réponses
Votre historique - résultats
Vous n’avez pas pris ce quiz